Central Library OPAC University of Rajshahi

Fundamentals of ecology / (Record no. 2470)

MARC details
000 -LEADER
fixed length control field 00753nam a2200253 a 4500
001 - CONTROL NUMBER
control field 2470
003 - CONTROL NUMBER IDENTIFIER
rucl marc code BD-RjUL
005 - DATE AND TIME OF LATEST TRANSACTION
control field 20211208233547.0
008 - FIXED-LENGTH DATA ELEMENTS--GENERAL INFORMATION
fixed length control field 150621s1971 pauab b 001 0 eng
020 ## - INTERNATIONAL STANDARD BOOK NUMBER
International Standard Book Number 0721669417
035 ## - SYSTEM CONTROL NUMBER
System control number (BD-RjUL)2497
040 ## - CATALOGING SOURCE
Original cataloging agency DLC
Transcribing agency DLC
Modifying agency DLC
-- BD-RjUL
Language of cataloging eng
041 ## - LANGUAGE CODE
Language code of text/sound track or separate title eng
082 00 - DEWEY DECIMAL CLASSIFICATION NUMBER
Classification number 577
Author mark and year ODF 1971
Edition number 23
100 1# - MAIN ENTRY--PERSONAL NAME
Personal name Odum, Eugene P.
Fuller form of name (Eugene Pleasants),
Dates associated with a name 1913-2002.
9 (RLIN) 116925
245 10 - TITLE STATEMENT
Title Fundamentals of ecology /
Statement of responsibility, etc. Eugene P. Odum
250 ## - EDITION STATEMENT
Edition statement 3rd ed., Saunders' International Student ed.
260 ## - PUBLICATION, DISTRIBUTION, ETC. (IMPRINT)
Place of publication, distribution, etc. Philadelphia :
Name of publisher, distributor, etc. Saunders,
Date of publication, distribution, etc. c1971.
300 ## - PHYSICAL DESCRIPTION
Pagination xiv, 574 p. :
Illustrations ill. ;
Size 27 cm.
504 ## - BIBLIOGRAPHY, ETC. NOTE
Bibliography, etc Includes Bibliography and index.
650 #0 - SUBJECT ADDED ENTRY--TOPICAL TERM
Topical term or geographic name as entry element Ecology.
9 (RLIN) 116926
942 ## - ADDED ENTRY ELEMENTS (KOHA)
Source of classification or shelving scheme Dewey Decimal Classification
Koha item type Books
Holdings
Lost status Source of classification or shelving scheme Damaged status Not for loan Collection code Permanent Location Current Location Shelving location Date acquired Source of acquisition Total Checkouts Full call number Date last seen Copy number Koha item type Cost, normal purchase price Date checked out
  Dewey Decimal Classification     Non-fiction Central Library, University of Rajshahi Central Library, University of Rajshahi   23/01/1982 Zetlinger   577 ODF 1971 21/06/2015 C-2 Books    
  Dewey Decimal Classification   Not For Loan Non-fiction Central Library, University of Rajshahi Central Library, University of Rajshahi Reading Room 23/01/1982 Zetlinger   577 ODF 1971 23/05/2017 C-1 Books    
  Dewey Decimal Classification     Non-fiction Central Library, University of Rajshahi Central Library, University of Rajshahi   23/01/1982 Zetlinger   577 ODF 1971 23/05/2017 C-3 Books    
  Dewey Decimal Classification     Non-fiction Central Library, University of Rajshahi Central Library, University of Rajshahi   21/06/1982 Rajshahi, Aligarh Library 1 577 ODF 1971 09/11/2022 C-4 Books 220.80 20/10/2022
  Dewey Decimal Classification     Non-fiction Central Library, University of Rajshahi Central Library, University of Rajshahi   21/10/2018 Zeitlinger   577 ODF 1971 21/10/2018 C-5 Books 220.80  
  Dewey Decimal Classification     Non-fiction Central Library, University of Rajshahi Central Library, University of Rajshahi   21/06/1982 Aligarh Libraty Rajshahi   577 ODF 1971 15/01/2019 C-6 Books 220.80  
  Dewey Decimal Classification     Non-fiction Central Library, University of Rajshahi Central Library, University of Rajshahi   24/07/1983 Aligarh Libraty Rajshahi   577 ODF 1971 16/01/2019 C-7 Books 194.60  
  Dewey Decimal Classification     Non-fiction Central Library, University of Rajshahi Central Library, University of Rajshahi   24/07/1983 Aligarh library,Rajshahi 2 577 ODF 1971 09/11/2023 C-8 Books 194.60 09/10/2023
  Dewey Decimal Classification     Non-fiction Central Library, University of Rajshahi Central Library, University of Rajshahi   24/07/1983 Aligarh Libraty Rajshahi   577 ODF 1971 29/01/2019 C-9 Books 194.60